| 000 | 01064cam a22002054a 4500 | ||
|---|---|---|---|
| 005 | 20250605163934.0 | ||
| 008 | 250528s ||||||||||||||||||||||||d | ||
| 035 | _a14794 | ||
| 020 | _a71020745 | ||
| 040 |
_aGR-AtMCL _bgre _dGR-AtMCL _eAACR2 |
||
| 245 | 1 | _aMaking Sense of Modern Times | |
| 260 |
_bRoutledge & Kegan Paul, _c1986 |
||
| 300 | _a262 | ||
| 520 | _aThis book shows how Peter Berger struggles with the classical legacy of the sociological enterprise - a legacy abandoned by contemporary sociology. Preface, Introduction, Social Theory, Knowledge and Order and Human Autonomy, The Encounter with Phenomenology, Modernization, The Challenges of Modernity, The Modern Malaise, The Problem of Freedom, Religion, Religion as Sacred Canopy, Religion in the Modern World, The Problem of Truth, The Method and Vocation of Sociology, The Place of Politics, The Jamesian Berger, Epilogue, General Bibliography, Index. | ||
| 700 | 1 |
_aAinlay Stephen C. _9558 |
|
| 700 | 1 |
_aHunter Davison James _9559 |
|
| 942 | _cBK | ||
| 999 |
_c412 _d412 |
||